[Event "23rd EUR-ch"]
[Site "Vrnjacka Banja SRB"]
[Date "2023.03.04"]
[Round "2.52"]
[White "Agdelen, Huseyin Can"]
[Black "Goriachkina, Aleksandra"]
[Result "0-1"]
[WhiteElo "2411"]
[BlackElo "2576"]
[EventDate "2023.03.03"]
[PlyCount "80"]

1.e4 c5 2.Nf3 e6 3.d4 cxd4 4.Nxd4 Nf6 5.Nc3 Nc6 6.Nxc6 bxc6 7.e5 Nd5 8.Ne4
Bb7 9.Be2 c5 10.O-O Qc7 11.Nd6+ Bxd6 12.exd6 Qc6 13.f3 e5 14.c4 Nf4 15.
Bxf4 exf4 16.Qd2 O-O 17.Qxf4 Rfe8 18.Bd3 Re6 19.Be4 Qb6 20.Bxb7 Qxb7 21.b3
Qb6 22.Rad1 a5 23.Rfe1 a4 24.Rxe6 fxe6 25.Qe3 Qb4 26.h3 Qa3 27.Rd2 Rb8 28.
Kh2 axb3 29.axb3 Rxb3 30.Qg5 Rb8 31.Rd1 h6 32.Qe7 Qa4 33.Re1 Kh7 34.Re4 
Rb1 35.Rg4 Qa1 36.Qf7 Rh1+ 37.Kg3 Qf6 38.Qxd7 h5 39.Re4 Qg5+ 40.Kf2 Rh2 
0-1

[Event "23rd EUR-ch"]
[Site "Vrnjacka Banja SRB"]
[Date "2023.03.04"]
[Round "2.53"]
[White "Kalogeris, Ioannis"]
[Black "Laurusas, Tomas"]
[Result "1/2-1/2"]
[WhiteElo "2409"]
[BlackElo "2571"]
[EventDate "2023.03.03"]
[PlyCount "81"]

1.e4 c5 2.Nf3 e6 3.d4 cxd4 4.Nxd4 a6 5.c4 Nf6 6.Nc3 Qc7 7.Qd3 Nc6 8.Nxc6 
dxc6 9.Be2 Bc5 10.Be3 Bxe3 11.Qxe3 e5 12.O-O O-O 13.b4 a5 14.a3 Be6 15.Na4
axb4 16.axb4 Rfd8 17.Nc5 Rxa1 18.Rxa1 Bc8 19.Ra8 h6 20.h3 Kh7 21.Nd3 Re8 
22.c5 Qe7 23.Nb2 Be6 24.Rxe8 Nxe8 25.Nc4 Bxc4 26.Bxc4 g6 27.Qd3 Kg7 28.g3 
Nf6 29.Kg2 Nd7 30.Kf1 b6 31.cxb6 Nxb6 32.Qb3 Nd7 33.Kg2 Nf6 34.Bd3 h5 35.
h4 Qa7 36.Qc3 Ng4 37.Qc5 Qxc5 38.bxc5 Nf6 39.Bc2 Nd7 40.Ba4 Nb8 41.Kf3 
1/2-1/2

[Event "23rd EUR-ch"]
[Site "Vrnjacka Banja SRB"]
[Date "2023.03.04"]
[Round "2.54"]
[White "Radovanovic, Nikola"]
[Black "Livaic, Leon"]
[Result "0-1"]
[WhiteElo "2407"]
[BlackElo "2569"]
[EventDate "2023.03.03"]
[PlyCount "82"]

1.e4 c5 2.Nf3 e6 3.d4 cxd4 4.Nxd4 Nf6 5.Nc3 Nc6 6.Be2 d6 7.O-O Be7 8.Be3 
O-O 9.f4 Bd7 10.Kh1 Nxd4 11.Bxd4 Bc6 12.Qd3 b5 13.a3 a6 14.Rad1 Qc7 15.Qg3
Qb7 16.Bf3 a5 17.Bxf6 Bxf6 18.e5 dxe5 19.fxe5 Be7 20.Rd4 Bxf3 21.Rxf3 b4 
22.Ne4 bxa3 23.Nf6+ Bxf6 24.exf6 g6 25.Rxa3 Qxb2 26.Rad3 e5 27.Qxe5 Rfe8 
28.Qg3 a4 29.Rd1 a3 30.Qf4 Qb6 31.Rd6 Qa5 32.h4 Re1+ 33.Rxe1 Qxe1+ 34.Kh2 
a2 35.Qh6 Qe5+ 36.g3 Qe2+ 37.Kh3 Qf1+ 38.Kh2 Qf2+ 39.Kh3 Qf5+ 40.Kh2 Qxc2+
41.Kh3 Qc8+ 0-1

[Event "23rd EUR-ch"]
[Site "Vrnjacka Banja SRB"]
[Date "2023.03.04"]
[Round "2.55"]
[White "Mitsis, Georgios"]
[Black "Nesterov, Arseny"]
[Result "1/2-1/2"]
[WhiteElo "2407"]
[BlackElo "2568"]
[EventDate "2023.03.03"]
[PlyCount "161"]

1.d4 Nf6 2.c4 e6 3.Nf3 d5 4.g3 dxc4 5.Bg2 Nc6 6.Qa4 Bb4+ 7.Bd2 Nd5 8.Bxb4 
Nxb4 9.Nc3 Bd7 10.O-O a5 11.Qd1 Nd5 12.e4 Nxc3 13.bxc3 O-O 14.a4 Ne7 15.
Ne5 b5 16.d5 exd5 17.exd5 Ra6 18.axb5 Bxb5 19.Qd4 Nf5 20.Qc5 Nd6 21.Rfb1 
Rb6 22.Rxa5 Nb7 23.Qxb6 cxb6 24.Raxb5 Nc5 25.Nxc4 Qf6 26.Rxb6 Qxc3 27.Ne3 
g6 28.d6 Re8 29.Rb8 Rxb8 30.Rxb8+ Kg7 31.Rb1 Nd7 32.Rd1 f5 33.Nd5 Qb3 34.
Ne3 Qc3 35.Bf1 Qc5 36.Be2 h5 37.Bc4 h4 38.Rd5 Qb6 39.Rd1 Qc6 40.Bf1 Ne5 
41.Bg2 Qa4 42.Rd5 Nd7 43.Bf1 Qa1 44.Rd1 Qb2 45.Nc4 Qc3 46.Be2 Qc2 47.Rd2 
Qb1+ 48.Bf1 Kh6 49.Rd4 h3 50.Rd5 Qe4 51.Rd1 Qc6 52.Ne3 Ne5 53.Bxh3 Nf3+ 
54.Kh1 Ne1+ 55.Ng2 Nxg2 56.Bxg2 Qc2 57.Rf1 Qd2 58.Bf3 Qxd6 59.Kg2 Qb4 60.
Rc1 g5 61.h3 g4 62.hxg4 fxg4 63.Bc6 Qd6 64.Be4 Qd4 65.Re1 Kg5 66.Re3 Qc4 
67.Bd3 Qc6+ 68.Kg1 Qc1+ 69.Bf1 Qa1 70.Re4 Kf5 71.Rf4+ Kg5 72.Kg2 Qa8+ 73.
Kh2 Qh8+ 74.Kg1 Qa1 75.Rc4 Kf5 76.Rc8 Qb1 77.Rf8+ Kg5 78.Rg8+ Kf5 79.Rg7 
Qa1 80.Rb7 Kg5 81.Rb5+ 1/2-1/2

[Event "23rd EUR-ch"]
[Site "Vrnjacka Banja SRB"]
[Date "2023.03.04"]
[Round "2.56"]
[White "Teclaf, Pawel"]
[Black "Ohanian, Emin"]
[Result "1/2-1/2"]
[WhiteElo "2568"]
[BlackElo "2405"]
[EventDate "2023.03.03"]
[PlyCount "85"]

1.c4 Nf6 2.g3 e6 3.Bg2 d5 4.Nf3 d4 5.O-O c5 6.e3 Nc6 7.exd4 cxd4 8.d3 Bd6 
9.Bg5 O-O 10.Nbd2 h6 11.Bxf6 Qxf6 12.Ne4 Qe7 13.Nxd6 Qxd6 14.Re1 e5 15.b4 
Nxb4 16.Nxe5 Re8 17.Qb3 Be6 18.a3 Nc6 19.Nxc6 bxc6 20.Qb4 Red8 21.Rab1 
Rac8 22.Qa5 Qc7 23.Qc5 Qd6 24.Qxa7 Ra8 25.Qb6 Rxa3 26.c5 Qf8 27.Be4 Rc3 
28.Rec1 Bd5 29.Rxc3 dxc3 30.Rc1 Rb8 31.Qa5 Bxe4 32.dxe4 Qe7 33.f3 Qf6 34.
Qxc3 Rb1 35.Kf2 Rxc1 36.Qxc1 Qd4+ 37.Ke2 Kh7 38.h4 g6 39.Qf4 Qc4+ 40.Ke1 
Qc3+ 41.Ke2 Qc4+ 42.Ke1 Qc3+ 43.Ke2 1/2-1/2

[Event "23rd EUR-ch"]
[Site "Vrnjacka Banja SRB"]
[Date "2023.03.04"]
[Round "2.57"]
[White "Han, Yichen"]
[Black "Dragnev, Valentin"]
[Result "1/2-1/2"]
[WhiteElo "2405"]
[BlackElo "2561"]
[EventDate "2023.03.03"]
[PlyCount "51"]

1.d4 Nf6 2.c4 e6 3.g3 d5 4.Bg2 dxc4 5.Nf3 Bb4+ 6.Bd2 a5 7.O-O O-O 8.Qc2 
Bxd2 9.Qxd2 b5 10.a4 c6 11.Ne5 Nd5 12.axb5 cxb5 13.Nc3 f6 14.Ng4 b4 15.Na4
Ra7 16.Rfc1 Rc7 17.e4 Ne7 18.Ne3 Ba6 19.d5 Qd6 20.Qd4 exd5 21.exd5 Nd7 22.
Nxc4 Bxc4 23.Rxc4 Nf5 24.Qe4 Rxc4 25.Qxc4 Ne5 26.Qe4 1/2-1/2

[Event "23rd EUR-ch"]
[Site "Vrnjacka Banja SRB"]
[Date "2023.03.04"]
[Round "2.58"]
[White "Azarov, Sergei"]
[Black "Czerw, Dawid"]
[Result "1-0"]
[WhiteElo "2559"]
[BlackElo "2404"]
[EventDate "2023.03.03"]
[PlyCount "93"]

1.e4 c5 2.Nf3 Nc6 3.d4 cxd4 4.Nxd4 Nf6 5.Nc3 e5 6.Ndb5 d6 7.Nd5 Nxd5 8.
exd5 Nb8 9.c4 Be7 10.c5 O-O 11.cxd6 Bxd6 12.Be2 a6 13.Nxd6 Qxd6 14.O-O Nd7
15.Be3 b6 16.Qb3 Bb7 17.Rfd1 Rac8 18.a4 f5 19.f3 Kh8 20.Qa3 Qf6 21.Rac1 f4
22.Bf2 Rxc1 23.Rxc1 Bxd5 24.Bxa6 e4 25.Rd1 e3 26.Be1 Qe6 27.Bb5 Nc5 28.b4 
e2 29.Rd2 Nb3 30.Rxe2 Qg6 31.Qb2 Bxf3 32.Qxb3 Bxe2 33.Bxe2 Re8 34.Kf1 Qd6 
35.Qd3 Qf6 36.Bc3 Qc6 37.Qd4 Qg6 38.Bh5 Qb1+ 39.Qd1 Qxd1+ 40.Bxd1 Kg8 41.
Bb3+ Kf8 42.Bd4 Rb8 43.h4 g6 44.Ke2 Ke7 45.Kf3 Kd6 46.Kxf4 Rf8+ 47.Ke4 1-0

[Event "23rd EUR-ch"]
[Site "Vrnjacka Banja SRB"]
[Date "2023.03.04"]
[Round "2.59"]
[White "Pap, Misa"]
[Black "Gumularz, Szymon"]
[Result "0-1"]
[WhiteElo "2403"]
[BlackElo "2558"]
[EventDate "2023.03.03"]
[PlyCount "106"]

1.e4 e5 2.Nf3 Nc6 3.Bc4 Bc5 4.c3 Nf6 5.d4 exd4 6.cxd4 Bb4+ 7.Bd2 Nxe4 8.
Bxb4 Nxb4 9.Bxf7+ Kxf7 10.Qb3+ Kf8 11.Qxb4+ Qe7 12.Qxe7+ Kxe7 13.O-O Kd8 
14.Re1 Nf6 15.Nc3 d6 16.Ng5 Rf8 17.f3 h6 18.Nge4 Nxe4 19.fxe4 Be6 20.Rac1 
Kd7 21.Re3 a6 22.e5 dxe5 23.dxe5 c6 24.Rd3+ Kc7 25.Rd6 Rae8 26.Re1 Re7 27.
Rd3 Rf4 28.a3 a5 29.Rd2 Bc4 30.g3 Rf5 31.Rd4 Bb3 32.Rde4 b5 33.g4 Rf8 34.
R1e3 Bg8 35.Ne2 Bd5 36.Rf4 Rfe8 37.Rf5 Be6 38.Rf4 Bc4 39.Rf5 g6 40.Rf6 
Rxe5 41.Rxe5 Rxe5 42.Nd4 Re1+ 43.Kg2 Re4 44.Nf3 Re2+ 45.Kg3 Rxb2 46.Rxg6 
Bd5 47.Nd4 Rd2 48.Nf5 b4 49.axb4 axb4 50.Rg7+ Kb6 51.Nxh6 b3 52.Re7 b2 53.
Re1 Be4 0-1

[Event "23rd EUR-ch"]
[Site "Vrnjacka Banja SRB"]
[Date "2023.03.04"]
[Round "2.60"]
[White "Ibadov, Dashgyn"]
[Black "Bosiocic, Marin"]
[Result "1-0"]
[WhiteElo "2398"]
[BlackElo "2555"]
[EventDate "2023.03.03"]
[PlyCount "77"]

1.e4 c5 2.Nf3 Nc6 3.Nc3 e5 4.Bc4 Be7 5.d3 Nf6 6.Nd2 d6 7.Nf1 Nd7 8.Ne3 O-O
9.O-O Bg5 10.Ned5 Bxc1 11.Qxc1 Nb6 12.Nxb6 axb6 13.f4 exf4 14.Qxf4 Be6 15.
Rf2 Ne5 16.b3 Nxc4 17.dxc4 f5 18.Rd1 Qf6 19.Qxd6 f4 20.e5 Qf5 21.Nd5 Bxd5 
22.Qxd5+ Kh8 23.e6 Qf6 24.Re1 Rae8 25.Qd6 Re7 26.Qxb6 Qd4 27.Qa5 g5 28.Qd2
Rd8 29.Qxd4+ Rxd4 30.Re5 h6 31.Rfe2 b6 32.Rd5 Kg7 33.c3 Rxd5 34.cxd5 Kf6 
35.Kf2 g4 36.a4 h5 37.b4 cxb4 38.cxb4 Re8 39.e7 1-0

[Event "23rd EUR-ch"]
[Site "Vrnjacka Banja SRB"]
[Date "2023.03.04"]
[Round "2.61"]
[White "Murzin, Volodar"]
[Black "Pastar, Slaven"]
[Result "1-0"]
[WhiteElo "2554"]
[BlackElo "2401"]
[EventDate "2023.03.03"]
[PlyCount "77"]

1.e4 e6 2.d4 d5 3.e5 c5 4.c3 Nc6 5.Nf3 Qb6 6.a3 Nh6 7.b4 cxd4 8.Bxh6 gxh6 
9.cxd4 Bd7 10.Be2 Rg8 11.O-O Rg4 12.h3 Rf4 13.g3 Rxf3 14.Bxf3 Nxd4 15.Nc3 
Bg7 16.Bxd5 Rc8 17.Na4 Bxa4 18.Qxa4+ Kf8 19.Bg2 Bxe5 20.Rae1 Bf6 21.Kh1 h5
22.Rc1 Rd8 23.h4 Nf5 24.Qc2 Qa6 25.a4 Rd4 26.Rfd1 Rxb4 27.Qc5+ Be7 28.Qe5 
f6 29.Qb8+ Kf7 30.Qh8 Qxa4 31.Qxh7+ Ng7 32.Bf3 Rb5 33.Rc7 Qa3 34.Rd3 Qb4 
35.Rdd7 Qb1+ 36.Qxb1 Rxb1+ 37.Kg2 Nf5 38.Bxh5+ Kg7 39.Bg4 1-0

[Event "23rd EUR-ch"]
[Site "Vrnjacka Banja SRB"]
[Date "2023.03.04"]
[Round "2.62"]
[White "Popovic, Milan S."]
[Black "Parligras, Mircea-Emilian"]
[Result "0-1"]
[WhiteElo "2393"]
[BlackElo "2554"]
[EventDate "2023.03.03"]
[PlyCount "116"]

1.e4 c5 2.Nf3 d6 3.d4 cxd4 4.Nxd4 Nf6 5.Nc3 a6 6.Be3 e5 7.Nb3 Be7 8.h3 h6 
9.Qd2 Be6 10.Be2 Nbd7 11.a4 Nb6 12.O-O Rc8 13.Rfd1 O-O 14.a5 Nc4 15.Bxc4 
Rxc4 16.Qd3 Qc8 17.Rac1 Rxc3 18.bxc3 Bc4 19.Qd2 Nxe4 20.Qe1 Bb5 21.c4 Qxc4
22.Nd2 Nxd2 23.Qxd2 Rc8 24.c3 Qe2 25.Qd5 Bc6 26.Qb3 Qb5 27.Qb4 Bd7 28.Rb1 
Rc4 29.Qa3 Qc6 30.Rb6 Qc7 31.Rb4 Rc6 32.Rb6 Rc4 33.Rb4 Bb5 34.Rxc4 Qxc4 
35.Qb4 Qxb4 36.cxb4 Bc4 37.f4 f6 38.Kf2 Kf7 39.f5 Ke8 40.Rc1 d5 41.Bc5 
Bxc5+ 42.bxc5 Kd7 43.Rc3 Ke7 44.Rc2 Bb5 45.Ke3 Kd7 46.g4 d4+ 47.Ke4 Bc6+ 
48.Kd3 Bf3 49.Rf2 Bd5 50.h4 Kc6 51.Rf1 Bg2 52.Rg1 Bf3 53.Kc4 Be2+ 54.Kb4 
e4 55.g5 hxg5 56.hxg5 d3 57.Kc3 e3 58.gxf6 gxf6 0-1

[Event "23rd EUR-ch"]
[Site "Vrnjacka Banja SRB"]
[Date "2023.03.04"]
[Round "2.63"]
[White "Kozak, Adam"]
[Black "Peyrer, Konstantin"]
[Result "1-0"]
[WhiteElo "2552"]
[BlackElo "2395"]
[EventDate "2023.03.03"]
[PlyCount "81"]

1.Nf3 f5 2.d4 Nf6 3.g3 g6 4.c3 Bg7 5.Qb3 e6 6.Bg2 O-O 7.O-O Nc6 8.Nbd2 d5 
9.Rd1 h6 10.Ne1 g5 11.Nd3 a5 12.Nf3 a4 13.Qc2 Ne4 14.Nfe5 Qe8 15.Rb1 b6 
16.Be3 Nd6 17.b3 Nxe5 18.dxe5 f4 19.Bxf4 gxf4 20.exd6 fxg3 21.hxg3 axb3 
22.axb3 cxd6 23.c4 Qg6 24.Rbc1 Ra7 25.cxd5 e5 26.Qxc8 Rxc8 27.Rxc8+ Kf7 
28.Rc4 Bf6 29.Be4 Qg4 30.Bf3 Qg8 31.Kg2 Bg5 32.Rb1 b5 33.Rc6 Qd8 34.Rb2 
Qb8 35.Rbc2 Be7 36.Rc8 Qb6 37.e3 Qa5 38.Be4 Qa1 39.Rh8 Bf8 40.Rc8 Bg7 41.
Rhd8 1-0

[Event "23rd EUR-ch"]
[Site "Vrnjacka Banja SRB"]
[Date "2023.03.04"]
[Round "2.64"]
[White "Salimova, Nurgyul"]
[Black "Suleymanli, Aydin"]
[Result "1/2-1/2"]
[WhiteElo "2392"]
[BlackElo "2552"]
[EventDate "2023.03.03"]
[PlyCount "68"]

1.Nf3 Nf6 2.d4 g6 3.c4 Bg7 4.Nc3 O-O 5.g3 d6 6.Bg2 Bf5 7.Nh4 Bc8 8.Nf3 Nc6
9.O-O a6 10.d5 Na5 11.b3 c5 12.dxc6 bxc6 13.Bd2 Rb8 14.Qc1 Re8 15.Bh6 Bh8 
16.h3 Qc7 17.Rd1 c5 18.Qf4 Bb7 19.Rac1 Nc6 20.Nd5 Qd8 21.Nxf6+ Bxf6 22.Bg5
Bh8 23.Qh4 Nd4 24.Nxd4 Bxd4 25.Bxb7 Rxb7 26.Qe4 Qc8 27.Bd2 Rb8 28.h4 Qh3 
29.e3 Bf6 30.Ba5 h5 31.Bc7 Rbc8 32.Ba5 Rb8 33.Bc7 Rbc8 34.Ba5 Rb8 1/2-1/2

[Event "23rd EUR-ch"]
[Site "Vrnjacka Banja SRB"]
[Date "2023.03.04"]
[Round "2.65"]
[White "Zawadzka, Jolanta"]
[Black "Kobo, Ori"]
[Result "1/2-1/2"]
[WhiteElo "2391"]
[BlackElo "2548"]
[EventDate "2023.03.03"]
[PlyCount "117"]

1.e4 c5 2.Nf3 d6 3.d4 cxd4 4.Nxd4 Nf6 5.Nc3 Nc6 6.f3 e5 7.Nb3 Be7 8.Be3 
Be6 9.Nd5 O-O 10.c3 Nb8 11.Bc4 Nxd5 12.Bxd5 Bxd5 13.Qxd5 Qc7 14.O-O Nd7 
15.Rac1 a5 16.c4 a4 17.Nd2 Ra5 18.Qd3 Nc5 19.Qe2 Ne6 20.Qf2 Ra6 21.Nb1 Rc8
22.Nc3 Qd8 23.Nb5 h5 24.g3 h4 25.Rfd1 Qf8 26.Qd2 Kh7 27.Qd5 Rcc6 28.f4 Bf6
29.f5 Nd4 30.Nxd4 exd4 31.Bxd4 Qe7 32.Rc3 Bxd4+ 33.Qxd4 Ra5 34.Rf1 Qe5 35.
Qxe5 Rxe5 36.Rf4 hxg3 37.hxg3 Rec5 38.b3 axb3 39.axb3 Ra5 40.Rh4+ Kg8 41.
Kf2 Ra2+ 42.Ke3 Rb6 43.Kf4 Rb2 44.c5 dxc5 45.Rxc5 Rc6 46.Rd5 g6 47.Rd3 Rb6
48.g4 gxf5 49.gxf5 R2xb3 50.Rd8+ Kg7 51.Rhh8 f6 52.Rdg8+ Kf7 53.Rg6 Rb1 
54.Rhg8 Rf1+ 55.Ke3 Ke7 56.R8g7+ Kf8 57.Rg8+ Ke7 58.R8g7+ Kf8 59.Rg8+ 
1/2-1/2

[Event "23rd EUR-ch"]
[Site "Vrnjacka Banja SRB"]
[Date "2023.03.04"]
[Round "2.66"]
[White "Pultinevicius, Paulius"]
[Black "Pacher, Milan"]
[Result "1/2-1/2"]
[WhiteElo "2546"]
[BlackElo "2392"]
[EventDate "2023.03.03"]
[PlyCount "272"]

1.d4 Nf6 2.c4 e6 3.Nf3 b6 4.g3 Ba6 5.Qa4 Bb7 6.Bg2 c5 7.dxc5 Bxc5 8.O-O 
O-O 9.Nc3 Be7 10.Bf4 Na6 11.Rad1 Nc5 12.Qc2 Qc8 13.Rd4 d5 14.Rc1 Rd8 15.
cxd5 exd5 16.Qb1 Qd7 17.Be5 Ne6 18.Rdd1 Qe8 19.Rc2 Ng4 20.Bd4 Nxd4 21.Nxd4
Bf6 22.Ncb5 Rac8 23.Rxc8 Bxc8 24.h3 Bxd4 25.Nxd4 Nf6 26.Qc2 Be6 27.Qc7 Qd7
28.Qxd7 Bxd7 29.g4 Rc8 30.f3 Kf8 31.Kf2 Ke7 32.e3 Rc5 33.Rd2 a5 34.a3 Ne8 
35.Nb3 Rb5 36.Nd4 Rc5 37.f4 Nd6 38.Nb3 Rb5 39.Nd4 Rc5 40.Bf3 g6 41.Ke2 h5 
42.Rd1 hxg4 43.hxg4 Ne4 44.g5 Ba4 45.Ra1 Bb5+ 46.Ke1 Nd6 47.Kf2 a4 48.Rh1 
Bd7 49.Be2 Ne4+ 50.Kg2 Nd6 51.Kf3 Ne4 52.Bd3 Bg4+ 53.Kg2 Bd7 54.Rh8 Rc1 
55.Rb8 Nc5 56.Be2 Rb1 57.Rxb6 Nb3 58.Kg3 Rxb2 59.Bd1 Ra2 60.Bxb3 axb3 61.
Rxb3 Kd6 62.Rc3 Ra1 63.Kf2 Ra2+ 64.Ke1 Ba4 65.Nf3 Ke6 66.Nd4+ Kd6 67.Nf3 
Ke6 68.Ne5 Ra1+ 69.Kf2 Ra2+ 70.Kg3 Ra1 71.Nd3 Bb5 72.Nc5+ Kd6 73.Nb7+ Kd7 
74.Kf2 Rf1+ 75.Kg2 Ra1 76.Nc5+ Kd6 77.Nd3 Ke6 78.Ne5 Ba4 79.Kf3 Ra2 80.Nc6
Ra1 81.Nd4+ Kd6 82.Ke2 Ra2+ 83.Kf3 Ra1 84.f5 Rg1 85.Rc8 Rxg5 86.fxg6 Rxg6 
87.Ra8 Bd7 88.a4 Rg1 89.a5 Rf1+ 90.Ke2 Ra1 91.Ra6+ Ke5 92.Ra7 Bg4+ 93.Kd2 
Ra2+ 94.Kc1 Ke4 95.Nc2 f5 96.a6 f4 97.Re7+ Kf3 98.a7 Ra4 99.Kb2 Kg3 100.
exf4 Kxf4 101.Kb3 Ra5 102.Nd4 Ra1 103.Kb4 Kg5 104.Kc5 Kf6 105.Rc7 Ke5 106.
Re7+ Kf6 107.Rb7 Bh5 108.Kb6 Ke5 109.Nb5 d4 110.Re7+ Kf6 111.Rh7 Bg6 112.
Rh8 Be4 113.Nxd4 Rb1+ 114.Nb5 Ke7 115.Rh4 Bf3 116.Rh3 Bg2 117.Rg3 Bh1 118.
Rd3 Bg2 119.Rd4 Bf3 120.Rc4 Bg2 121.Rc5 Kd7 122.Rc7+ Ke6 123.Rg7 Bh1 124.
Kc5 Rc1+ 125.Kd4 Ra1 126.Kc3 Kf6 127.Rh7 Be4 128.Rh4 Ke5 129.Kb2 Ra5 130.
Rh5+ Kf4 131.Kb3 Bf3 132.Rc5 Bd1+ 133.Kb4 Ra4+ 134.Kc3 Be2 135.Nd4 Ra3+ 
136.Kb4 Rxa7 1/2-1/2

[Event "23rd EUR-ch"]
[Site "Vrnjacka Banja SRB"]
[Date "2023.03.04"]
[Round "2.67"]
[White "Stremavicius, Titas"]
[Black "Kanov, Nikola"]
[Result "1-0"]
[WhiteElo "2544"]
[BlackElo "2392"]
[EventDate "2023.03.03"]
[PlyCount "88"]

1.d4 d5 2.Nf3 Nf6 3.g3 c5 4.Bg2 cxd4 5.O-O h6 6.b3 e6 7.Bb2 Bc5 8.Nxd4 O-O
9.c4 e5 10.Nf3 e4 11.Nd4 dxc4 12.bxc4 Nc6 13.Nb3 Be7 14.Nc3 Be6 15.Nxe4 
Nxe4 16.Bxe4 Bxc4 17.Qc2 Be6 18.Nc5 Bxc5 19.Qxc5 Qb6 20.Qc3 f6 21.Rfb1 
Rfd8 22.Qf3 Qc7 23.Bc3 Rac8 24.Rc1 Qf7 25.Rd1 f5 26.Rxd8+ Nxd8 27.Bb1 Bd5 
28.Qe3 Ne6 29.Be5 Ng5 30.h4 Qe6 31.Bd3 Nh3+ 32.Kf1 f4 33.gxf4 Rf8 34.Qg3 
g5 35.hxg5 hxg5 36.Rc1 Rc8 37.Rd1 Rf8 38.f5 Qh6 39.Ke1 Kf7 40.Bc2 Nf4 41.
Bxf4 gxf4 42.Qg6+ Qxg6 43.fxg6+ Ke6 44.Rxd5 Kxd5 1-0

[Event "23rd EUR-ch"]
[Site "Vrnjacka Banja SRB"]
[Date "2023.03.04"]
[Round "2.68"]
[White "Kelires, Andreas"]
[Black "Arsovic, Zoran"]
[Result "1/2-1/2"]
[WhiteElo "2538"]
[BlackElo "2390"]
[EventDate "2023.03.03"]
[PlyCount "81"]

1.d4 Nf6 2.c4 e6 3.g3 Bb4+ 4.Bd2 a5 5.Bg2 d5 6.Nf3 O-O 7.Qc2 b6 8.O-O Ba6 
9.Bxb4 axb4 10.Nbd2 c5 11.dxc5 bxc5 12.Rfe1 Nbd7 13.e4 dxc4 14.Nxc4 Qe7 
15.Nfd2 Rfb8 16.e5 Nd5 17.f4 Bxc4 18.Nxc4 Rxa2 19.Rxa2 b3 20.Qb1 bxa2 21.
Qxa2 N7b6 22.Nxb6 Nxb6 23.Rd1 Rd8 24.Qa1 g6 25.Bf3 c4 26.Rxd8+ Qxd8 27.Qd1
Qxd1+ 28.Bxd1 Nd5 29.Kf2 c3 30.bxc3 Nxc3 31.Bf3 Nb5 32.Ke3 h5 33.Kd3 Kf8 
34.Bc6 Na7 35.Bb7 Nb5 36.Bc6 Na7 37.Bd7 Ke7 38.Ba4 Nc8 39.Kd4 Kd8 40.h3 
Ne7 41.Bc2 1/2-1/2

[Event "23rd EUR-ch"]
[Site "Vrnjacka Banja SRB"]
[Date "2023.03.04"]
[Round "2.69"]
[White "Antic, Dejan"]
[Black "Boruchovsky, Avital"]
[Result "1/2-1/2"]
[WhiteElo "2388"]
[BlackElo "2536"]
[EventDate "2023.03.03"]
[PlyCount "66"]

1.d4 Nf6 2.c4 e6 3.Nf3 d5 4.g3 dxc4 5.Bg2 a6 6.O-O Nc6 7.e3 Bd7 8.Qe2 Bd6 
9.Qxc4 O-O 10.Rd1 Qe7 11.Nc3 h6 12.e4 e5 13.dxe5 Nxe5 14.Nxe5 Bxe5 15.Be3 
Rfd8 16.h3 Rac8 17.Qe2 Bxc3 18.bxc3 c5 19.f3 Bc6 20.Qf2 Nd7 21.h4 Qf6 22.
Bh3 Ra8 23.Bxd7 Rxd7 24.Rxd7 Bxd7 25.Bxc5 Qxc3 26.Bd4 Qd3 27.Qe3 Qxe3+ 28.
Bxe3 b5 29.Kf2 Be6 30.a3 Rd8 31.g4 Rd3 32.Bc5 Bb3 33.Re1 Bc4 1/2-1/2

[Event "23rd EUR-ch"]
[Site "Vrnjacka Banja SRB"]
[Date "2023.03.04"]
[Round "2.70"]
[White "Vetokhin, Savva"]
[Black "Maurizzi, Marc`Andria"]
[Result "0-1"]
[WhiteElo "2388"]
[BlackElo "2535"]
[EventDate "2023.03.03"]
[PlyCount "120"]

1.d4 Nf6 2.c4 g6 3.Nf3 Bg7 4.g3 O-O 5.Bg2 d6 6.Nc3 Nbd7 7.O-O e5 8.e4 c6 
9.h3 Qa5 10.Be3 exd4 11.Bxd4 Re8 12.Qc2 Ne5 13.Nd2 Nh5 14.Kh2 Be6 15.Ne2 
b5 16.Bc3 Qa6 17.cxb5 cxb5 18.Nd4 Rac8 19.Nxe6 fxe6 20.Qb3 Qb6 21.Bxe5 
Bxe5 22.Nf3 Bg7 23.e5 d5 24.Qe3 Bf8 25.Qxb6 axb6 26.Nd4 Ng7 27.Nxb5 Rc2 
28.Rab1 Bc5 29.f4 Nf5 30.Rfc1 Re2 31.Nc3 Re3 32.g4 Nh4 33.b4 Be7 34.Nd1 
Re1 35.Nc3 Re3 36.Nd1 Rd3 37.Rc2 Rf8 38.Nf2 Ra3 39.Rb3 Rxb3 40.axb3 Rxf4 
41.Nd3 Nxg2 42.Kxg2 Rd4 43.Rc3 Bxb4 44.Nxb4 Rxb4 45.Rc6 Kf7 46.Rc7+ Kf8 
47.Rc8+ Ke7 48.Rc7+ Ke8 49.Rxh7 Re4 50.Rb7 Rxe5 51.Rxb6 Ke7 52.Rb7+ Kd6 
53.Rb8 g5 54.b4 Kc7 55.Rg8 d4 56.Kf2 d3 57.Rg7+ Kc6 58.Rg8 Kb5 59.Rd8 Kc4 
60.Rd7 Kc3 0-1

[Event "23rd EUR-ch"]
[Site "Vrnjacka Banja SRB"]
[Date "2023.03.04"]
[Round "2.71"]
[White "Nasuta, Grzegorz"]
[Black "Malcewska, Aleksandra"]
[Result "1-0"]
[WhiteElo "2535"]
[BlackElo "2388"]
[EventDate "2023.03.03"]
[PlyCount "99"]

1.e4 c5 2.Nf3 e6 3.d4 cxd4 4.Nxd4 Nc6 5.Nc3 a6 6.Nxc6 bxc6 7.Qd3 e5 8.Be2 
Ne7 9.O-O Ng6 10.g3 Be7 11.Na4 O-O 12.c4 d6 13.c5 dxc5 14.Qxd8 Rxd8 15.Be3
Nf8 16.Rfd1 Rxd1+ 17.Rxd1 Be6 18.Bxc5 Bxc5 19.Nxc5 a5 20.b3 Bh3 21.Bc4 h5 
22.Rd6 Rc8 23.f3 Rc7 24.Rd8 Rc8 25.Rd6 Rc7 26.Nd3 Nd7 27.Nf2 Be6 28.Bxe6 
fxe6 29.Nd3 a4 30.Rxe6 axb3 31.axb3 Kf7 32.Rd6 Ke7 33.Rg6 Kf7 34.Rd6 Ke7 
35.Rg6 Kf7 36.Rg5 g6 37.Kf2 Kf6 38.f4 exf4 39.gxf4 c5 40.Rd5 Ke7 41.Ke3 
Rb7 42.Kd2 Rc7 43.Kc3 Rc8 44.Rg5 Kf6 45.Rd5 Ke7 46.Rg5 Kf6 47.h4 Re8 48.
Rd5 Re7 49.Rd6+ Kg7 50.e5 1-0

[Event "23rd EUR-ch"]
[Site "Vrnjacka Banja SRB"]
[Date "2023.03.04"]
[Round "2.72"]
[White "Makridis, Dimitrios"]
[Black "Stocek, Jiri"]
[Result "0-1"]
[WhiteElo "2387"]
[BlackElo "2534"]
[EventDate "2023.03.03"]
[PlyCount "92"]

1.e4 c5 2.Nf3 d6 3.d4 cxd4 4.Nxd4 Nf6 5.Nc3 a6 6.h3 e6 7.g4 h6 8.Bg2 Be7 
9.h4 g6 10.Nb3 Nc6 11.Qe2 e5 12.f3 Be6 13.Be3 Na5 14.Nxa5 Qxa5 15.Qd2 Rc8 
16.Rd1 Nd7 17.Nd5 Qxd2+ 18.Rxd2 Bxd5 19.exd5 Bd8 20.f4 Bb6 21.Bxb6 Nxb6 
22.Re2 Nd7 23.O-O Ke7 24.fxe5 Nxe5 25.Rf4 Rc5 26.c4 Rhc8 27.b3 b5 28.cxb5 
axb5 29.Rb4 Rc2 30.Rxc2 Rxc2 31.g5 hxg5 32.hxg5 f5 33.Rxb5 Rxa2 34.Rb7+ 
Kd8 35.b4 Rb2 36.Rb5 Kc7 37.Kh2 Nd3 38.Kg3 Rxb4 39.Ra5 Rg4+ 40.Kh2 Rxg5 
41.Ra7+ Kb6 42.Rd7 Kc5 43.Rc7+ Kd4 44.Rd7 Ne1 45.Bh1 Ke3 46.Rxd6 Kf2 0-1

[Event "23rd EUR-ch"]
[Site "Vrnjacka Banja SRB"]
[Date "2023.03.04"]
[Round "2.73"]
[White "Dvirnyy, Danyyil"]
[Black "Zajic, Milan"]
[Result "1-0"]
[WhiteElo "2531"]
[BlackElo "2387"]
[EventDate "2023.03.03"]
[PlyCount "61"]

1.d4 Nf6 2.c4 e6 3.Nf3 d5 4.Nc3 Bb4 5.cxd5 exd5 6.Bg5 h6 7.Bxf6 Qxf6 8.e3 
O-O 9.Bd3 Be6 10.O-O c6 11.Qb3 Qe7 12.Ne5 Nd7 13.f4 Nxe5 14.fxe5 Rad8 15.
Rae1 c5 16.Bb1 Qg5 17.a3 Ba5 18.Qc2 g6 19.Rf6 Rc8 20.Qf2 cxd4 21.exd4 Bxc3
22.bxc3 Rxc3 23.Bxg6 Rc1 24.h4 Rxe1+ 25.Qxe1 Qg4 26.Qf2 Kh8 27.Bd3 Rc8 28.
Rxh6+ Kg8 29.Kh2 Qg7 30.Rh5 Rc3 31.Qd2 1-0

[Event "23rd EUR-ch"]
[Site "Vrnjacka Banja SRB"]
[Date "2023.03.04"]
[Round "2.74"]
[White "Pasztor, Balazs"]
[Black "Kacharava, Nikolozi"]
[Result "0-1"]
[WhiteElo "2387"]
[BlackElo "2531"]
[EventDate "2023.03.03"]
[PlyCount "54"]

1.e4 c5 2.Nf3 e6 3.b3 b6 4.Bb2 Bb7 5.Nc3 Nc6 6.d4 cxd4 7.Nxd4 Qb8 8.Nxc6 
Bxc6 9.f3 Bd6 10.Qe2 Bxh2 11.O-O-O Be5 12.Kb1 Ne7 13.Rh5 Ng6 14.Rxe5 Nxe5 
15.f4 Ng6 16.f5 Ne5 17.Qh5 O-O 18.f6 Ng6 19.fxg7 Re8 20.Nb5 Qf4 21.Nd6 Re7
22.g4 f6 23.Bc4 b5 24.Rf1 Qxd6 25.Bxf6 Bxe4 26.Bxb5 Rf7 27.Rf2 Rxf6 0-1

[Event "23rd EUR-ch"]
[Site "Vrnjacka Banja SRB"]
[Date "2023.03.04"]
[Round "2.75"]
[White "Guliev, Namig"]
[Black "Injac, Teodora"]
[Result "1/2-1/2"]
[WhiteElo "2528"]
[BlackElo "2383"]
[EventDate "2023.03.03"]
[PlyCount "90"]

1.e4 e5 2.Nf3 Nc6 3.Bb5 Nf6 4.O-O Nxe4 5.Re1 Nd6 6.Nxe5 Be7 7.Bf1 Nxe5 8.
Rxe5 O-O 9.Nc3 Bf6 10.Re1 b6 11.d4 Bb7 12.Bf4 Nf5 13.d5 d6 14.Qh5 Ne7 15.
Rad1 Ng6 16.Bc1 Bxc3 17.bxc3 Re8 18.c4 Qd7 19.f4 Rxe1 20.Rxe1 Re8 21.Rxe8+
Qxe8 22.Qe2 Qxe2 23.Bxe2 Nf8 24.g4 Nd7 25.Kf2 Nc5 26.Ke3 Bc8 27.Bb2 f6 28.
h4 Kf7 29.Bd4 Bd7 30.g5 Bf5 31.Bh5+ Ke7 32.Bd1 Kf7 33.Kd2 Ne4+ 34.Ke3 Nc5 
35.c3 Bb1 36.a3 Ba2 37.Bh5+ Ke7 38.Be2 Bb1 39.h5 h6 40.Kf3 Bf5 41.gxf6+ 
gxf6 42.Bf2 Kf7 43.Ke3 Ke7 44.Kf3 Kf7 45.Ke3 Ke7 1/2-1/2

[Event "23rd EUR-ch"]
[Site "Vrnjacka Banja SRB"]
[Date "2023.03.04"]
[Round "2.76"]
[White "Gavrilescu, David"]
[Black "Stremavicius, Pijus"]
[Result "1/2-1/2"]
[WhiteElo "2527"]
[BlackElo "2383"]
[EventDate "2023.03.03"]
[PlyCount "62"]

1.e4 c6 2.Nf3 d5 3.Nc3 Nf6 4.e5 Ne4 5.Ne2 Qb6 6.d4 e6 7.Ng3 c5 8.Bd3 Nc6 
9.Bxe4 dxe4 10.Nxe4 Nxd4 11.Nxd4 cxd4 12.O-O Bd7 13.Qg4 Bc6 14.Rd1 O-O-O 
15.b3 Qc7 16.Nd6+ Bxd6 17.exd6 Qxd6 18.Bb2 Qc5 19.Bxd4 Qxc2 20.Rdc1 h5 21.
Qf3 Bxf3 22.Rxc2+ Bc6 23.Bxa7 Rd5 24.f3 g5 25.a4 Kd7 26.Raa2 g4 27.Rd2 
gxf3 28.gxf3 Rg8+ 29.Kf2 Rg5 30.b4 Rxd2+ 31.Rxd2+ Rd5 1/2-1/2

[Event "23rd EUR-ch"]
[Site "Vrnjacka Banja SRB"]
[Date "2023.03.04"]
[Round "2.78"]
[White "Bethke, Richard"]
[Black "Yilmazyerli, Mert"]
[Result "0-1"]
[WhiteElo "2383"]
[BlackElo "2525"]
[EventDate "2023.03.03"]
[PlyCount "46"]

1.e4 e5 2.Nf3 Nc6 3.Bc4 Nf6 4.d3 h6 5.a4 d6 6.Nbd2 g5 7.h3 Bg7 8.Nf1 d5 9.
Bb5 dxe4 10.Nxe5 O-O 11.Nxc6 bxc6 12.Bxc6 Rb8 13.Ne3 exd3 14.Qxd3 Qxd3 15.
cxd3 Rd8 16.Ke2 Be6 17.Nc4 Nd5 18.Bd2 Ne7 19.Bb5 c6 20.Ba6 Nd5 21.Rac1 Nc7
22.Na5 Re8 23.Bb7 Bc8+ 0-1